000 00208nam a22000857a 4500
008 160713b xxu||||| |||| 00| 0 eng d
100 _92751
_aBPI India
245 _aThe Clever Crow
260 _aNew Delhi
_bBPI
_c2011
999 _c2389
_d2389